Quantitative chemical analysis

Uloženo v:
Podrobná bibliografie
Hlavní autor: Harris, Daniel C.
Médium: Kniha
Jazyk:Undetermined
Vydáno: New York W.H. Freeman and Co. 2003
Témata:
Tagy: Přidat tag
Žádné tagy, Buďte první, kdo otaguje tento záznam!
Thư viện lưu trữ: Trung tâm Học liệu Trường Đại học Cần Thơ
LEADER 00561nam a2200205Ia 4500
001 CTU_162192
008 210402s9999 xx 000 0 und d
020 |c 25.49 
082 |a 543 
082 |b H313 
100 |a Harris, Daniel C. 
245 0 |a Quantitative chemical analysis 
245 0 |c Daniel C. Harris 
260 |a New York 
260 |b W.H. Freeman and Co. 
260 |c 2003 
650 |a Chemistry, Analytic,Hóa học phân tích 
650 |x Quantitative 
910 |a Nguyên 
980 |a Trung tâm Học liệu Trường Đại học Cần Thơ